|
|
|
|
| LEADER |
01023nam a2200289 4500 |
| 001 |
DLU090092547 |
| 005 |
##20091201 |
| 040 |
# |
# |
|a DLU
|b eng
|
| 041 |
# |
# |
|a eng
|
| 044 |
# |
# |
|a us
|
| 100 |
# |
# |
|a Galeano, Belinda.
|
| 245 |
# |
# |
|a Inactivation of vegetative cells, but not spores, of bacillus anthracis, B. cereus, B. subtilis on stainless steel surfaces coated with an antimicrobial silver- and zinc-containing zeolite formulation /
|c Belinda Galeano, Emily Korff, Wayne L. Nicholson.
|
| 653 |
# |
# |
|a Antimicrobial activity
|
| 653 |
# |
# |
|a Vegetative cells
|
| 653 |
# |
# |
|a Zeolite
|
| 700 |
# |
# |
|a Korff, Emily.
|
| 700 |
# |
# |
|a Nicholson, Wayne L.
|
| 773 |
# |
# |
|t Applied and Environmental Microbiology
|g Vol. 69, no. 7 (July 2003), p. 4329-4331
|
| 920 |
# |
# |
|a Phòng Tạp chí -- Trung tâm Thông tin - Thư viện Trường Đại học Đà Lạt
|
| 994 |
# |
# |
|a DLU
|
| 900 |
# |
# |
|a True
|
| 911 |
# |
# |
|a Trương Bảo Trâm Anh
|
| 925 |
# |
# |
|a G
|
| 926 |
# |
# |
|a A
|
| 927 |
# |
# |
|a BB
|
| 980 |
# |
# |
|a Thư viện Trường Đại học Đà Lạt
|